000 00856nam a22002655a 4500
008 090402t2006 enka|||frb||| 001 0 eng d
010 _a 2005058111
020 _a9780273695981 (pbk.)
020 _a0273695983 (pbk.)
040 _aEG-ScBUE
_beng
_cEG-ScBUE
082 0 4 _a658.406
_bSEN
_222
100 1 _aSenior, Barbara.
_93051
245 1 0 _aOrganizational change /
_cBarbara Senior, Jocelyne Fleming.
250 _a3rd ed.
260 _aEndinburgh Gate :
_bFinancial Times Prentice Hall,
_c2006.
300 _axxi,436 p. :
_bcol. ill.
_c23 cm.
500 _aIndexes : p. 424-436.
504 _aIncludes bibliographical references.
590 _aMenna Elemam
650 0 _aOrganizational change.
_93052
_2BUEsh
651 _2BUEsh
653 _bGGEN
_cAugust2015
700 1 _aFleming, Jocelyne.
_93053
942 _cBB
_k658.406 SEN
_2ddc
999 _c2152
_d2152